[Event "Quimper op 8th"]
[Site "Quimper"]
[Date "2017.11.01"]
[Round "3"]
[White "Ginovart, Camille"]
[Black "Lebon, Marc"]
[Result "1-0"]
[WhiteElo "1677"]
[BlackElo "1180"]
[PlyCount "67"]
[EventDate "2017.10.31"]
[EventType "swiss"]
[EventRounds "6"]
[EventCountry "FRA"]
[SourceTitle "EXT 2023"]
[Source "ChessBase"]
[SourceDate "2022.10.05"]
[SourceVersion "1"]
[SourceVersionDate "2022.10.05"]
[SourceQuality "1"]

1. e4 e5 2. Nf3 Nc6 3. Bb5 Bd6 4. d4 exd4 5. Nxd4 Nxd4 6. Qxd4 f6 7. 0-0 a6 8. Ba4 Ne7 9. Bb3 Rf8 10. Nd2 Nc6 11. Qd5 Qe7 12. Nc4 Kd8 13. Re1 Bc5 14. e5 fxe5 15. Be3 Bxe3 16. Rxe3 d6 17. Rd1 Qh4 18. g3 Qf6 19. Rd2 Be6 20. Qd3 Nb4 21. Qe4 Nd5 22. Nxd6 cxd6 23. Bxd5 Bf5 24. Qb4 Rb8 25. Bxb7 Rf7 26. Rxd6+ Rd7 27. Rxf6 Rd1+ 28. Kg2 gxf6 29. Qf8+ Kc7 30. Rc3+ Kxb7 31. Rb3+ Kc7 32. Qxb8+ Kc6 33. Rc3+ Kd7 34. Qc8+ 1-0